| 000 | 00527nam a2200145 a 4500 | ||
|---|---|---|---|
| 008 | 120416s0000 ||||||||||||||||| || u | ||
| 020 | _a0830608753 | ||
| 050 | _aTK 7871.9 Hor | ||
| 100 | _aHorn, Delton T | ||
| 245 | 1 | 0 | _aTransistor circuit design with experiments |
| 260 |
_aBlue Ridge Summit,P.A. _bTAB Books _c1985 |
||
| 300 | _aviii,423p. : ill. | ||
| 350 | _a0.00 | ||
| 995 |
_D0.00 _FCBU-MAIN LIBRARY (Kitwe) _H1 _I21.95 _UAVAILABLE _ZAnnex Low-Usage Collection |
||
| 999 |
_c60311 _d60311 |
||